<?xml version="1.0" encoding="UTF-8"?>
<record
    xmlns:xsi="http://www.w3.org/2001/XMLSchema-instance"
    xsi:schemaLocation="http://www.loc.gov/MARC21/slim http://www.loc.gov/standards/marcxml/schema/MARC21slim.xsd"
    xmlns="http://www.loc.gov/MARC21/slim">

  <leader>00928nasaa22002891c 4500</leader>
  <controlfield tag="003">EG-GiCUC</controlfield>
  <controlfield tag="005">20260414095453.0</controlfield>
  <controlfield tag="008">260411c1989999ua qx p       0    0ara d</controlfield>
  <datafield tag="040" ind1=" " ind2=" ">
    <subfield code="a">EG-GiCUC</subfield>
    <subfield code="b">ara</subfield>
    <subfield code="c">EG-GiCUC</subfield>
    <subfield code="e">rda</subfield>
  </datafield>
  <datafield tag="041" ind1=" " ind2=" ">
    <subfield code="a">ara</subfield>
  </datafield>
  <datafield tag="043" ind1=" " ind2=" ">
    <subfield code="a">ua----</subfield>
  </datafield>
  <datafield tag="049" ind1=" " ind2=" ">
    <subfield code="a">&#x625;&#x634;&#x62A;&#x631;&#x627;&#x643;</subfield>
  </datafield>
  <datafield tag="092" ind1=" " ind2=" ">
    <subfield code="a">410.5 </subfield>
    <subfield code="b">U478</subfield>
    <subfield code="2">21</subfield>
  </datafield>
  <datafield tag="099" ind1=" " ind2=" ">
    <subfield code="a">410.5 U478</subfield>
  </datafield>
  <datafield tag="245" ind1="0" ind2="0">
    <subfield code="a">&#x639;&#x644;&#x648;&#x645; &#x627;&#x644;&#x644;&#x63A;&#x629;</subfield>
  </datafield>
  <datafield tag="264" ind1="1" ind2=" ">
    <subfield code="a">&#x627;&#x644;&#x642;&#x627;&#x647;&#x631;&#x629; :</subfield>
    <subfield code="b">&#x62F;&#x627;&#x631; &#x63A;&#x631;&#x64A;&#x628; &#x644;&#x644;&#x637;&#x628;&#x627;&#x639;&#x629; &#x648;&#x627;&#x644;&#x646;&#x634;&#x631; &#x60C;</subfield>
    <subfield code="c">1989-</subfield>
  </datafield>
  <datafield tag="300" ind1=" " ind2=" ">
    <subfield code="a">&#x645;&#x62C;&#x644;&#x62F;. : </subfield>
    <subfield code="b">&#x627;&#x64A;&#x636;&#x627;&#x62D;&#x64A;&#x627;&#x62A;. ;</subfield>
    <subfield code="c">24 &#x633;&#x645;</subfield>
  </datafield>
  <datafield tag="310" ind1=" " ind2=" ">
    <subfield code="0">&#x627;&#x631;&#x628;&#x639; &#x645;&#x631;&#x627;&#x62A; &#x641;&#x64A; &#x627;&#x644;&#x633;&#x646;&#x629;</subfield>
  </datafield>
  <datafield tag="362" ind1="1" ind2=" ">
    <subfield code="a">&#x635;&#x62F;&#x631; &#x627;&#x644;&#x639;&#x62F;&#x62F;.1 (1989)</subfield>
  </datafield>
  <datafield tag="500" ind1=" " ind2=" ">
    <subfield code="a">&#x62F;&#x631;&#x627;&#x633;&#x627;&#x62A; &#x639;&#x644;&#x645;&#x64A;&#x629; &#x645;&#x62D;&#x643;&#x645;&#x629; &#x62A;&#x635;&#x62F;&#x631; &#x627;&#x631;&#x628;&#x639; &#x645;&#x631;&#x627;&#x62A; &#x641;&#x64A; &#x627;&#x644;&#x633;&#x646;&#x629;</subfield>
  </datafield>
  <datafield tag="500" ind1=" " ind2=" ">
    <subfield code="a">&#x643;&#x62A;&#x627;&#x628; &#x62F;&#x648;&#x631;&#x64A;</subfield>
  </datafield>
  <datafield tag="541" ind1=" " ind2=" ">
    <subfield code="a">&#x625;&#x634;&#x62A;&#x631;&#x627;&#x643;</subfield>
  </datafield>
  <datafield tag="588" ind1=" " ind2=" ">
    <subfield code="5">&#x627;&#x644;&#x645;&#x62C;&#x644;&#x62F;.3&#x60C;&#x627;&#x644;&#x639;&#x62F;&#x62F;.1(2000)</subfield>
  </datafield>
  <datafield tag="650" ind1="7" ind2=" ">
    <subfield code="a"> &#x627;&#x644;&#x644;&#x63A;&#x629; &#x627;&#x644;&#x639;&#x631;&#x628;&#x64A;&#x629;</subfield>
    <subfield code="v">&#x62F;&#x648;&#x631;&#x64A;&#x627;&#x62A;</subfield>
  </datafield>
  <datafield tag="905" ind1=" " ind2=" ">
    <subfield code="a">Abeer</subfield>
    <subfield code="e">Abeer</subfield>
  </datafield>
  <datafield tag="942" ind1=" " ind2=" ">
    <subfield code="n">0</subfield>
    <subfield code="c">CR</subfield>
  </datafield>
  <datafield tag="999" ind1=" " ind2=" ">
    <subfield code="c">179370</subfield>
    <subfield code="d">179370</subfield>
  </datafield>
  <datafield tag="952" ind1=" " ind2=" ">
    <subfield code="p">01030102003500000002</subfield>
    <subfield code="o">410.5 U478</subfield>
    <subfield code="a">CUCL</subfield>
    <subfield code="b">clx1</subfield>
    <subfield code="2">ddc</subfield>
    <subfield code="t">v.3 n.2</subfield>
    <subfield code="z">&#x627;&#x634;&#x62A;&#x631;&#x627;&#x643;</subfield>
    <subfield code="y">CR</subfield>
  </datafield>
  <datafield tag="952" ind1=" " ind2=" ">
    <subfield code="p">01030102003500000003</subfield>
    <subfield code="o">410.5 U478</subfield>
    <subfield code="a">CUCL</subfield>
    <subfield code="b">clx1</subfield>
    <subfield code="2">ddc</subfield>
    <subfield code="t">v.3 n.3</subfield>
    <subfield code="z">&#x627;&#x634;&#x62A;&#x631;&#x627;&#x643;</subfield>
    <subfield code="y">CR</subfield>
  </datafield>
  <datafield tag="952" ind1=" " ind2=" ">
    <subfield code="p">01030102003500000004</subfield>
    <subfield code="o">410.5 U478</subfield>
    <subfield code="a">CUCL</subfield>
    <subfield code="b">clx1</subfield>
    <subfield code="2">ddc</subfield>
    <subfield code="t">v.3 n.4</subfield>
    <subfield code="z">&#x627;&#x634;&#x62A;&#x631;&#x627;&#x643;</subfield>
    <subfield code="y">CR</subfield>
  </datafield>
  <datafield tag="952" ind1=" " ind2=" ">
    <subfield code="p">01030102003501000001</subfield>
    <subfield code="o">410.5 U478</subfield>
    <subfield code="a">CUCL</subfield>
    <subfield code="b">clx1</subfield>
    <subfield code="2">ddc</subfield>
    <subfield code="t">v.4 n.1</subfield>
    <subfield code="z">&#x627;&#x634;&#x62A;&#x631;&#x627;&#x643;</subfield>
    <subfield code="y">CR</subfield>
  </datafield>
  <datafield tag="952" ind1=" " ind2=" ">
    <subfield code="p">01030102003501000002</subfield>
    <subfield code="o">410.5 U478</subfield>
    <subfield code="a">CUCL</subfield>
    <subfield code="b">clx1</subfield>
    <subfield code="2">ddc</subfield>
    <subfield code="t">v.4 n.2</subfield>
    <subfield code="z">&#x627;&#x634;&#x62A;&#x631;&#x627;&#x643;</subfield>
    <subfield code="y">CR</subfield>
  </datafield>
  <datafield tag="952" ind1=" " ind2=" ">
    <subfield code="p">01030102003501000003</subfield>
    <subfield code="o">410.5 U478</subfield>
    <subfield code="a">CUCL</subfield>
    <subfield code="b">clx1</subfield>
    <subfield code="2">ddc</subfield>
    <subfield code="t">v.4 n.3</subfield>
    <subfield code="z">&#x627;&#x634;&#x62A;&#x631;&#x627;&#x643;</subfield>
    <subfield code="y">CR</subfield>
  </datafield>
  <datafield tag="952" ind1=" " ind2=" ">
    <subfield code="p">01030102003501000004</subfield>
    <subfield code="o">410.5 U478</subfield>
    <subfield code="a">CUCL</subfield>
    <subfield code="b">clx1</subfield>
    <subfield code="2">ddc</subfield>
    <subfield code="t">v.4 n.4</subfield>
    <subfield code="z">&#x627;&#x634;&#x62A;&#x631;&#x627;&#x643;</subfield>
    <subfield code="y">CR</subfield>
  </datafield>
  <datafield tag="952" ind1=" " ind2=" ">
    <subfield code="p">01030102003502000001</subfield>
    <subfield code="o">410.5 U478</subfield>
    <subfield code="a">CUCL</subfield>
    <subfield code="b">clx1</subfield>
    <subfield code="2">ddc</subfield>
    <subfield code="t">v.5 n.1</subfield>
    <subfield code="z">&#x627;&#x634;&#x62A;&#x631;&#x627;&#x643;</subfield>
    <subfield code="y">CR</subfield>
  </datafield>
  <datafield tag="952" ind1=" " ind2=" ">
    <subfield code="p">01030102003502000003</subfield>
    <subfield code="o">410.5 U478</subfield>
    <subfield code="a">CUCL</subfield>
    <subfield code="b">clx1</subfield>
    <subfield code="2">ddc</subfield>
    <subfield code="t">v.5 n.3</subfield>
    <subfield code="z">&#x627;&#x634;&#x62A;&#x631;&#x627;&#x643;</subfield>
    <subfield code="y">CR</subfield>
  </datafield>
  <datafield tag="952" ind1=" " ind2=" ">
    <subfield code="p">01030102003502000004</subfield>
    <subfield code="o">410.5 U478</subfield>
    <subfield code="a">CUCL</subfield>
    <subfield code="b">clx1</subfield>
    <subfield code="2">ddc</subfield>
    <subfield code="t">v.5 n.4</subfield>
    <subfield code="z">&#x627;&#x634;&#x62A;&#x631;&#x627;&#x643;</subfield>
    <subfield code="y">CR</subfield>
  </datafield>
  <datafield tag="952" ind1=" " ind2=" ">
    <subfield code="p">01030102003503000001</subfield>
    <subfield code="o">410.5 U478</subfield>
    <subfield code="a">CUCL</subfield>
    <subfield code="b">clx1</subfield>
    <subfield code="2">ddc</subfield>
    <subfield code="t">v.6 n.1</subfield>
    <subfield code="z">&#x627;&#x634;&#x62A;&#x631;&#x627;&#x643;</subfield>
    <subfield code="y">CR</subfield>
  </datafield>
  <datafield tag="952" ind1=" " ind2=" ">
    <subfield code="p">01030102003503000002</subfield>
    <subfield code="o">410.5 U478</subfield>
    <subfield code="a">CUCL</subfield>
    <subfield code="b">clx1</subfield>
    <subfield code="2">ddc</subfield>
    <subfield code="t">v.6 n.2</subfield>
    <subfield code="z">&#x627;&#x634;&#x62A;&#x631;&#x627;&#x643;</subfield>
    <subfield code="y">CR</subfield>
  </datafield>
  <datafield tag="952" ind1=" " ind2=" ">
    <subfield code="p">01030102003503000003</subfield>
    <subfield code="o">410.5 U478</subfield>
    <subfield code="a">CUCL</subfield>
    <subfield code="b">clx1</subfield>
    <subfield code="2">ddc</subfield>
    <subfield code="t">v.6 n.3</subfield>
    <subfield code="z">&#x627;&#x634;&#x62A;&#x631;&#x627;&#x643;</subfield>
    <subfield code="y">CR</subfield>
  </datafield>
  <datafield tag="952" ind1=" " ind2=" ">
    <subfield code="p">01030102003503000004</subfield>
    <subfield code="o">410.5 U478</subfield>
    <subfield code="a">CUCL</subfield>
    <subfield code="b">clx1</subfield>
    <subfield code="2">ddc</subfield>
    <subfield code="t">v.6 n.4</subfield>
    <subfield code="z">&#x627;&#x634;&#x62A;&#x631;&#x627;&#x643;</subfield>
    <subfield code="y">CR</subfield>
  </datafield>
  <datafield tag="952" ind1=" " ind2=" ">
    <subfield code="p">01030102003504000001</subfield>
    <subfield code="o">410.5 U478</subfield>
    <subfield code="a">CUCL</subfield>
    <subfield code="b">clx1</subfield>
    <subfield code="2">ddc</subfield>
    <subfield code="t">v.7 n.1</subfield>
    <subfield code="z">&#x627;&#x634;&#x62A;&#x631;&#x627;&#x643;</subfield>
    <subfield code="y">CR</subfield>
  </datafield>
  <datafield tag="952" ind1=" " ind2=" ">
    <subfield code="p">01030102003504000002</subfield>
    <subfield code="o">410.5 U478</subfield>
    <subfield code="a">CUCL</subfield>
    <subfield code="b">clx1</subfield>
    <subfield code="2">ddc</subfield>
    <subfield code="t">v.7 n.2</subfield>
    <subfield code="z">&#x627;&#x634;&#x62A;&#x631;&#x627;&#x643;</subfield>
    <subfield code="y">CR</subfield>
  </datafield>
  <datafield tag="952" ind1=" " ind2=" ">
    <subfield code="p">01030102003504000003</subfield>
    <subfield code="o">410.5 U478</subfield>
    <subfield code="a">CUCL</subfield>
    <subfield code="b">clx1</subfield>
    <subfield code="2">ddc</subfield>
    <subfield code="t">v.7 n.3</subfield>
    <subfield code="z">&#x627;&#x634;&#x62A;&#x631;&#x627;&#x643;</subfield>
    <subfield code="y">CR</subfield>
  </datafield>
  <datafield tag="952" ind1=" " ind2=" ">
    <subfield code="p">01030102003504000004</subfield>
    <subfield code="o">410.5 U478</subfield>
    <subfield code="a">CUCL</subfield>
    <subfield code="b">clx1</subfield>
    <subfield code="2">ddc</subfield>
    <subfield code="t">v.7 n.4</subfield>
    <subfield code="z">&#x627;&#x634;&#x62A;&#x631;&#x627;&#x643;</subfield>
    <subfield code="y">CR</subfield>
  </datafield>
  <datafield tag="952" ind1=" " ind2=" ">
    <subfield code="p">01030102003505000001</subfield>
    <subfield code="o">410.5 U478</subfield>
    <subfield code="a">CUCL</subfield>
    <subfield code="b">clx1</subfield>
    <subfield code="2">ddc</subfield>
    <subfield code="t">v.8 n.1</subfield>
    <subfield code="z">&#x627;&#x634;&#x62A;&#x631;&#x627;&#x643;</subfield>
    <subfield code="y">CR</subfield>
  </datafield>
  <datafield tag="952" ind1=" " ind2=" ">
    <subfield code="p">01030102003505000002</subfield>
    <subfield code="o">410.5 U478</subfield>
    <subfield code="a">CUCL</subfield>
    <subfield code="b">clx1</subfield>
    <subfield code="2">ddc</subfield>
    <subfield code="t">v.8 n.2</subfield>
    <subfield code="z">&#x627;&#x634;&#x62A;&#x631;&#x627;&#x643;</subfield>
    <subfield code="y">CR</subfield>
  </datafield>
  <datafield tag="952" ind1=" " ind2=" ">
    <subfield code="p">01030102003505000003</subfield>
    <subfield code="o">410.5 U478</subfield>
    <subfield code="a">CUCL</subfield>
    <subfield code="b">clx1</subfield>
    <subfield code="2">ddc</subfield>
    <subfield code="t">v.8 n.3</subfield>
    <subfield code="z">&#x627;&#x634;&#x62A;&#x631;&#x627;&#x643;</subfield>
    <subfield code="y">CR</subfield>
  </datafield>
  <datafield tag="952" ind1=" " ind2=" ">
    <subfield code="p">01030102003505000004</subfield>
    <subfield code="o">410.5 U478</subfield>
    <subfield code="a">CUCL</subfield>
    <subfield code="b">clx1</subfield>
    <subfield code="2">ddc</subfield>
    <subfield code="t">v.8 n.4</subfield>
    <subfield code="z">&#x627;&#x634;&#x62A;&#x631;&#x627;&#x643;</subfield>
    <subfield code="y">CR</subfield>
  </datafield>
  <datafield tag="952" ind1=" " ind2=" ">
    <subfield code="p">01030102003506000001</subfield>
    <subfield code="o">410.5 U478</subfield>
    <subfield code="a">CUCL</subfield>
    <subfield code="b">clx1</subfield>
    <subfield code="2">ddc</subfield>
    <subfield code="t">v.9 n.1</subfield>
    <subfield code="z">&#x627;&#x634;&#x62A;&#x631;&#x627;&#x643;</subfield>
    <subfield code="y">CR</subfield>
  </datafield>
  <datafield tag="952" ind1=" " ind2=" ">
    <subfield code="p">01030102003506000002</subfield>
    <subfield code="o">410.5 U478</subfield>
    <subfield code="a">CUCL</subfield>
    <subfield code="b">clx1</subfield>
    <subfield code="2">ddc</subfield>
    <subfield code="t">v.9 n.2</subfield>
    <subfield code="z">&#x627;&#x634;&#x62A;&#x631;&#x627;&#x643;</subfield>
    <subfield code="y">CR</subfield>
  </datafield>
  <datafield tag="952" ind1=" " ind2=" ">
    <subfield code="p">01030102003506000003</subfield>
    <subfield code="o">410.5 U478</subfield>
    <subfield code="a">CUCL</subfield>
    <subfield code="b">clx1</subfield>
    <subfield code="2">ddc</subfield>
    <subfield code="t">v.9 n.3</subfield>
    <subfield code="z">&#x627;&#x634;&#x62A;&#x631;&#x627;&#x643;</subfield>
    <subfield code="y">CR</subfield>
  </datafield>
  <datafield tag="952" ind1=" " ind2=" ">
    <subfield code="p">01030102003506000004</subfield>
    <subfield code="o">410.5 U478</subfield>
    <subfield code="a">CUCL</subfield>
    <subfield code="b">clx1</subfield>
    <subfield code="2">ddc</subfield>
    <subfield code="t">v.9 n.4</subfield>
    <subfield code="z">&#x627;&#x634;&#x62A;&#x631;&#x627;&#x643;</subfield>
    <subfield code="y">CR</subfield>
  </datafield>
  <datafield tag="952" ind1=" " ind2=" ">
    <subfield code="p">01030102003507000001</subfield>
    <subfield code="o">410.5 U478</subfield>
    <subfield code="a">CUCL</subfield>
    <subfield code="b">clx1</subfield>
    <subfield code="2">ddc</subfield>
    <subfield code="t">v.10 n.1</subfield>
    <subfield code="z">&#x627;&#x634;&#x62A;&#x631;&#x627;&#x643;</subfield>
    <subfield code="y">CR</subfield>
  </datafield>
  <datafield tag="952" ind1=" " ind2=" ">
    <subfield code="p">01030102003507000002</subfield>
    <subfield code="o">410.5 U478</subfield>
    <subfield code="a">CUCL</subfield>
    <subfield code="b">clx1</subfield>
    <subfield code="2">ddc</subfield>
    <subfield code="t">v.10 n.2</subfield>
    <subfield code="z">&#x627;&#x634;&#x62A;&#x631;&#x627;&#x643;</subfield>
    <subfield code="y">CR</subfield>
  </datafield>
  <datafield tag="952" ind1=" " ind2=" ">
    <subfield code="p">01030102003507000003</subfield>
    <subfield code="o">410.5 U478</subfield>
    <subfield code="a">CUCL</subfield>
    <subfield code="b">clx1</subfield>
    <subfield code="2">ddc</subfield>
    <subfield code="t">v.10 n.3</subfield>
    <subfield code="z">&#x627;&#x634;&#x62A;&#x631;&#x627;&#x643;</subfield>
    <subfield code="y">CR</subfield>
  </datafield>
  <datafield tag="952" ind1=" " ind2=" ">
    <subfield code="p">01030102003507000004</subfield>
    <subfield code="o">410.5 U478</subfield>
    <subfield code="a">CUCL</subfield>
    <subfield code="b">clx1</subfield>
    <subfield code="2">ddc</subfield>
    <subfield code="t">v.10 n.4</subfield>
    <subfield code="z">&#x627;&#x634;&#x62A;&#x631;&#x627;&#x643;</subfield>
    <subfield code="y">CR</subfield>
  </datafield>
  <datafield tag="952" ind1=" " ind2=" ">
    <subfield code="p">01030102003508000001</subfield>
    <subfield code="o">410.5 U478</subfield>
    <subfield code="a">CUCL</subfield>
    <subfield code="b">clx1</subfield>
    <subfield code="2">ddc</subfield>
    <subfield code="t">v.11 n.1</subfield>
    <subfield code="z">&#x627;&#x634;&#x62A;&#x631;&#x627;&#x643;</subfield>
    <subfield code="y">CR</subfield>
  </datafield>
  <datafield tag="952" ind1=" " ind2=" ">
    <subfield code="p">01030102003508000002</subfield>
    <subfield code="o">410.5 U478</subfield>
    <subfield code="a">CUCL</subfield>
    <subfield code="b">clx1</subfield>
    <subfield code="2">ddc</subfield>
    <subfield code="t">v.11 n.2</subfield>
    <subfield code="z">&#x627;&#x634;&#x62A;&#x631;&#x627;&#x643;</subfield>
    <subfield code="y">CR</subfield>
  </datafield>
  <datafield tag="952" ind1=" " ind2=" ">
    <subfield code="p">01030102003508000003</subfield>
    <subfield code="o">410.5 U478</subfield>
    <subfield code="a">CUCL</subfield>
    <subfield code="b">clx1</subfield>
    <subfield code="2">ddc</subfield>
    <subfield code="t">v.11 n.3</subfield>
    <subfield code="z">&#x627;&#x634;&#x62A;&#x631;&#x627;&#x643;</subfield>
    <subfield code="y">CR</subfield>
  </datafield>
  <datafield tag="952" ind1=" " ind2=" ">
    <subfield code="p">01030102003500000001</subfield>
    <subfield code="o">410.5 U478</subfield>
    <subfield code="a">CUCL</subfield>
    <subfield code="b">clx1</subfield>
    <subfield code="2">ddc</subfield>
    <subfield code="t">v.3 n.1</subfield>
    <subfield code="z">&#x627;&#x634;&#x62A;&#x631;&#x627;&#x643;</subfield>
    <subfield code="y">CR</subfield>
  </datafield>
  <datafield tag="952" ind1=" " ind2=" ">
    <subfield code="p">01030102003508000004</subfield>
    <subfield code="o">410.5 U478</subfield>
    <subfield code="a">CUCL</subfield>
    <subfield code="b">clx1</subfield>
    <subfield code="2">ddc</subfield>
    <subfield code="t">v.11 n.4</subfield>
    <subfield code="z">&#x627;&#x634;&#x62A;&#x631;&#x627;&#x643;</subfield>
    <subfield code="y">CR</subfield>
  </datafield>
  <datafield tag="952" ind1=" " ind2=" ">
    <subfield code="p">01030102003509000001</subfield>
    <subfield code="o">410.5 U478</subfield>
    <subfield code="a">CUCL</subfield>
    <subfield code="b">clx1</subfield>
    <subfield code="2">ddc</subfield>
    <subfield code="t">v.12 n.1</subfield>
    <subfield code="z">&#x627;&#x634;&#x62A;&#x631;&#x627;&#x643;</subfield>
    <subfield code="y">CR</subfield>
  </datafield>
  <datafield tag="952" ind1=" " ind2=" ">
    <subfield code="p">01030102003509000002</subfield>
    <subfield code="o">410.5 U478</subfield>
    <subfield code="a">CUCL</subfield>
    <subfield code="b">clx1</subfield>
    <subfield code="2">ddc</subfield>
    <subfield code="t">v.12 n.2</subfield>
    <subfield code="z">&#x627;&#x634;&#x62A;&#x631;&#x627;&#x643;</subfield>
    <subfield code="y">CR</subfield>
  </datafield>
  <datafield tag="952" ind1=" " ind2=" ">
    <subfield code="p">01030102003509000003</subfield>
    <subfield code="o">410.5 U478</subfield>
    <subfield code="a">CUCL</subfield>
    <subfield code="b">clx1</subfield>
    <subfield code="2">ddc</subfield>
    <subfield code="t">v.12 n.3</subfield>
    <subfield code="z">&#x627;&#x634;&#x62A;&#x631;&#x627;&#x643;</subfield>
    <subfield code="y">CR</subfield>
  </datafield>
  <datafield tag="952" ind1=" " ind2=" ">
    <subfield code="p">01030102003510000001</subfield>
    <subfield code="o">410.5 U478</subfield>
    <subfield code="a">CUCL</subfield>
    <subfield code="b">clx1</subfield>
    <subfield code="2">ddc</subfield>
    <subfield code="t">v.13 n.1</subfield>
    <subfield code="z">&#x627;&#x634;&#x62A;&#x631;&#x627;&#x643;</subfield>
    <subfield code="y">CR</subfield>
  </datafield>
  <datafield tag="952" ind1=" " ind2=" ">
    <subfield code="p">01030102003510000002</subfield>
    <subfield code="o">410.5 U478</subfield>
    <subfield code="a">CUCL</subfield>
    <subfield code="b">clx1</subfield>
    <subfield code="2">ddc</subfield>
    <subfield code="t">v.13 n.2</subfield>
    <subfield code="z">&#x627;&#x634;&#x62A;&#x631;&#x627;&#x643;</subfield>
    <subfield code="y">CR</subfield>
  </datafield>
  <datafield tag="952" ind1=" " ind2=" ">
    <subfield code="p">01030102003510000003</subfield>
    <subfield code="o">410.5 U478</subfield>
    <subfield code="a">CUCL</subfield>
    <subfield code="b">clx1</subfield>
    <subfield code="2">ddc</subfield>
    <subfield code="t">v.13 n.3</subfield>
    <subfield code="z">&#x627;&#x634;&#x62A;&#x631;&#x627;&#x643;</subfield>
    <subfield code="y">CR</subfield>
  </datafield>
  <datafield tag="952" ind1=" " ind2=" ">
    <subfield code="p">01030102003510000004</subfield>
    <subfield code="o">410.5 U478</subfield>
    <subfield code="a">CUCL</subfield>
    <subfield code="b">clx1</subfield>
    <subfield code="2">ddc</subfield>
    <subfield code="t">v.13n.4</subfield>
    <subfield code="z">&#x627;&#x634;&#x62A;&#x631;&#x627;&#x643;</subfield>
    <subfield code="y">CR</subfield>
  </datafield>
  <datafield tag="952" ind1=" " ind2=" ">
    <subfield code="p">01030102003511000001</subfield>
    <subfield code="o">410.5 U478</subfield>
    <subfield code="a">CUCL</subfield>
    <subfield code="b">clx1</subfield>
    <subfield code="2">ddc</subfield>
    <subfield code="t">v.14 n.1</subfield>
    <subfield code="z">&#x627;&#x634;&#x62A;&#x631;&#x627;&#x643;</subfield>
    <subfield code="y">CR</subfield>
  </datafield>
  <datafield tag="952" ind1=" " ind2=" ">
    <subfield code="p">01030102003511000002</subfield>
    <subfield code="o">410.5 U478</subfield>
    <subfield code="a">CUCL</subfield>
    <subfield code="b">clx1</subfield>
    <subfield code="2">ddc</subfield>
    <subfield code="t">v.14 n.2</subfield>
    <subfield code="z">&#x627;&#x634;&#x62A;&#x631;&#x627;&#x643;</subfield>
    <subfield code="y">CR</subfield>
  </datafield>
</record>
